000 01180nam a22002777a 4500
005 20191224042243.0
008 160413t2015 ck do fr|||| 00| 0 spa d
020 _a9789588889399
040 _aCO-BoIAVH
_cCO-BoIAVH
041 0 _aspa
044 _ack
082 0 4 _a597.92
_bC75t
245 0 0 _aConservación de las tortugas continentales de Colombia :
_bevaluación 2012-2013 y propuesta 2015-2020 /
_ceditado por Mónica A. Morales-Betancourt, Vivian P. Paez y Carlos A. Lasso
260 _aBogotá :
_bInstituto de Investigación de Recursos Biológicos Alexander von Humboldt,
_c2015.
300 _a28 páginas :
_btablas y fotografías a color ;
_c28 x 22 centímetros
504 _aIncluye referencias bibliográficas: página 98.
650 2 6 _aEspecies en peligro de extinción
650 2 6 _aHerpetología
_xtortugas
650 1 4 _aTortugas continentales
_zColombia
650 1 4 _aTortugas continentales
_xconservación
650 2 4 _aPlanes estratégicos
700 1 _a Paez, Viviana P.
_eeditora
700 1 _aLasso, Carlos A.
_eeditor
700 1 _aMorales-Betancourt, Mónica
_eeditora
942 _2ddc
_cLIBRO
_02
999 _c18278
_d18278